| 000 | 00545cam a22001814a 4500 | ||
|---|---|---|---|
| 005 | 20250901165528.0 | ||
| 008 | 001221s2001 caua 001 0 eng | ||
| 010 | _a 00112134 | ||
| 020 | _a0764552422 | ||
| 050 | 0 | 0 |
_aD23 .H36 2001 _b.H36 2001 |
| 082 | 0 | 0 |
_a909 _221 |
| 100 | 1 | _aHaugen, Peter. | |
| 245 | 1 | 0 |
_aWorld history for dummies / _cby Peter Haugen. |
| 260 |
_aFoster City, CA : _bIDG Books Worldwide, _cc2001. |
||
| 300 |
_axxiv, 382 p. : _bill. ; _c24 cm. |
||
| 500 | _aIncludes index. | ||
| 942 |
_2lcc _hD23 .H36 2001 |
||
| 999 |
_c5359 _d5359 |
||